Main currents in the ancient history of Gujarat. (Record no. 81040)
[ view plain ]
| 000 -LEADER | |
|---|---|
| fixed length control field | 00800cam a22002291 4500 |
| 001 - CONTROL NUMBER | |
| control field | sa 68005983 |
| 003 - CONTROL NUMBER IDENTIFIER | |
| control field | DLC |
| 005 - DATE AND TIME OF LATEST TRANSACTION | |
| control field | 20260227112512.0 |
| 008 - FIXED-LENGTH DATA ELEMENTS--GENERAL INFORMATION | |
| fixed length control field | 710915s1960 ii b 000 0 eng |
| 010 ## - LIBRARY OF CONGRESS CONTROL NUMBER | |
| LC control number | sa 68005983 |
| 040 ## - CATALOGING SOURCE | |
| Original cataloging agency | DLC |
| Transcribing agency | DLC |
| Modifying agency | DLC |
| 043 ## - GEOGRAPHIC AREA CODE | |
| Geographic area code | a-ii--- |
| 050 00 - LIBRARY OF CONGRESS CALL NUMBER | |
| Classification number | DS485.G8 |
| Item number | S28 |
| 100 1# - MAIN ENTRY--PERSONAL NAME | |
| Personal name | Saletore, Bhasker Anand. |
| 245 10 - TITLE STATEMENT | |
| Title | Main currents in the ancient history of Gujarat. |
| 260 ## - PUBLICATION, DISTRIBUTION, ETC. | |
| Place of publication, distribution, etc. | [Baroda] |
| Name of publisher, distributor, etc. | M. S. University of Baroda, |
| Date of publication, distribution, etc. | 1960. |
| 300 ## - PHYSICAL DESCRIPTION | |
| Extent | viii, 73 p. |
| Dimensions | 26 cm. |
| 500 ## - GENERAL NOTE | |
| General note | "Lectures delivered under the auspices of the Dept. of History in the Faculty of Arts, the Maharaja Sayajirao University of Baroda." |
| 504 ## - BIBLIOGRAPHY, ETC. NOTE | |
| Bibliography, etc. note | Bibliography: p. [51]-63. |
| 651 #0 - SUBJECT ADDED ENTRY--GEOGRAPHIC NAME | |
| Geographic name | Gujarat |
| General subdivision | History. |
| 710 2# - ADDED ENTRY--CORPORATE NAME | |
| Corporate name or jurisdiction name as entry element | Maharaja Sayajirao University of Baroda. |
| Subordinate unit | Department of History. |
No items available.